| 000 | 00580nmm a2200241 a 4500 | ||
|---|---|---|---|
| 003 | AR-BaBNM | ||
| 005 | 20251128205254.0 | ||
| 008 | 067019s1993 ||||||||||||||000 | spa|| | ||
| 020 | _a950-843-045-1 | ||
| 040 | _cAR-BaBNM | ||
| 100 | 1 | _aGalego, Elida | |
| 245 | 1 | 0 | _aFicciones y realidades |
| 260 |
_aBuenos Aires _bVinciguerra _c1993 |
||
| 300 |
_a77 p. _bil. |
||
| 650 | 4 | _aLITERATURA ARGENTINA | |
| 650 | 4 | _aESCRITORES | |
| 650 | 4 | _aLITERATURA CONTEMPORANEA | |
| 650 | 4 | _aVIAJES | |
| 653 | _aNARRATIVA | ||
| 655 | _aLITERATURA | ||
| 942 | _cBK | ||
| 998 | _cMARTIN | ||
| 999 |
_c10679 _d10679 |
||